|
|
|
|
| LEADER |
01003nam a2200253 a 4500 |
| 001 |
143072 |
| 008 |
091008s1985 enka b 001 0 eng d |
| 020 |
|
|
|a 0416390900
|
| 020 |
|
|
|a 0416391001 (pbk.)
|
| 040 |
|
|
|a DLC
|c DLC
|d CBA
|
| 082 |
0 |
0 |
|a 371.4/6
|2 19
|
| 100 |
1 |
|
|a Campion, Jean.
|
| 245 |
1 |
0 |
|a The child in context :
|b family-systems theory in educational psychology /
|c Jean Campion.
|
| 260 |
|
|
|a London ;
|a New York :
|b Methuen,
|c 1985.
|
| 300 |
|
|
|a 214 p. ;
|c 21 cm.
|
| 504 |
|
|
|a Includes Bibliography (p. 199-206.) and index.
|
| 541 |
1 |
|
|e 00011356
|
| 650 |
|
0 |
|a Family psychotherapy.
|
| 650 |
|
0 |
|a Home and school.
|
| 650 |
|
0 |
|a Parent-student counselor relationships.
|
| 650 |
|
0 |
|a Problem children
|x Education.
|
| 852 |
4 |
|
|a Ayesha Abed Library
|j General shelf
|
| 999 |
|
|
|c 4474
|d 4474
|
| 952 |
|
|
|0 0
|1 0
|2 ddc
|4 0
|6 371_460000000000000_CAM_1985
|7 0
|9 4189
|a BRACUL
|b BRACUL
|c GEN
|d 2009-10-11
|g 0.00
|l 2
|m 2
|o 371.46 CAM
|p 3010011356
|r 2025-06-26
|s 2025-05-14
|t 1
|w 2009-10-11
|y BK
|x No price found in the accession register.
|